The clipper of the clouds / (Record no. 136146)

MARC details
000 -LEADER
fixed length control field 00657nam a22002297a 4500
005 - DATE AND TIME OF LATEST TRANSACTION
control field 20170124110255.0
010 ## - LIBRARY OF CONGRESS CONTROL NUMBER
LC control number 884113
020 ## - INTERNATIONAL STANDARD BOOK NUMBER
Terms of availability 4.15
035 ## - SYSTEM CONTROL NUMBER
System control number 884113
037 ## - SOURCE OF ACQUISITION
Source of stock number/acquisition Cen Lib/ Ret
040 ## - CATALOGING SOURCE
Original cataloging agency DPL
Language of cataloging EN
082 ## - DEWEY DECIMAL CLASSIFICATION NUMBER
Classification number N
Item number DOD
100 ## - MAIN ENTRY--PERSONAL NAME
Personal name Dodd, E. F.
9 (RLIN) 111777
245 ## - TITLE STATEMENT
Title The clipper of the clouds /
Statement of responsibility, etc by E. F. Dodd [and] Jules Verne
260 ## - PUBLICATION, DISTRIBUTION, ETC. (IMPRINT)
Place of publication, distribution, etc Madras
Name of publisher, distributor, etc The Macmillan Company of India Ltd
Date of publication, distribution, etc 1976
270 ## - ADDRESS
Address The Macmillan Company of India Ltd
City Madras
Postal code 600002
300 ## - PHYSICAL DESCRIPTION
Extent 117p.
Dimensions 19cm(Hb)
650 ## - SUBJECT ADDED ENTRY--TOPICAL TERM
Topical term or geographic name as entry element Literature fiction
9 (RLIN) 111778
650 ## - SUBJECT ADDED ENTRY--TOPICAL TERM
Topical term or geographic name as entry element English Novel
9 (RLIN) 14422
700 ## - ADDED ENTRY--PERSONAL NAME
Personal name Verne, Jules
9 (RLIN) 26962
942 ## - ADDED ENTRY ELEMENTS (KOHA)
Source of classification or shelving scheme Dewey Decimal Classification
Koha item type English Books
Classification part N
Call number suffix DOD
Holdings
Withdrawn status Lost status Damaged status Not for loan Home library Current library Date acquired Source of acquisition Cost, normal purchase price Total Checkouts Full call number Barcode Date last seen Copy number Cost, replacement price Price effective from Koha item type
        Central Library Central Library 21/12/2015 Cen Lib/Ret 4.15   N DOD 884113 21/12/2015 1 4.15 21/12/2015 English Books

© Delhi Public Library
Hit Counter
free hit counter